000 00442nam a2200157Ia 4500
008 210716s2010 xx 000 0 und d
020 _a9788126509287
041 _aeng
082 _a001.42 SEKU
100 _aSekaran, Uma.
245 _aResearch methods for business: a skill building approach.
_bSkill building approach.
250 _a1
260 _aNew Delhi
_bWiley India
_c2010
300 _axiv;450
650 _aResearch Methodology
999 _c207668
_d207668